[Event "Copa Latinoamericana de Ajedrez 2011"]
[Site "Montevideo URU"]
[Date "2011.11.02"]
[Round "3.71"]
[White "Meyer Monsalver, Ewald"]
[Black "Avedisian, Alexander"]
[Result "1-0"]
[WhiteElo "2060"]
[BlackElo "1965"]
[PlyCount "76"]
[EventDate "2011.11.01"]
[EventType "swiss"]
[EventRounds "9"]
[EventCountry "URU"]
[Source "lmi"]
[SourceDate "2011.11.01"]

1. d4 Nf6 2. c4 g6 3. Nc3 Bg7 4. e4 d6 5. Be2 O-O 6. Be3 e5 7. d5 a5 8. g4 Na6
9. f3 Nc5 10. Qd2 a4 11. O-O-O a3 12. b3 Bd7 13. h4 h5 14. Bg5 Qe8 15. Bxf6
Bxf6 16. gxh5 gxh5 17. Qh6 Bg7 18. Qxh5 f6 19. Qxe8 Rfxe8 20. Nh3 Bxh3 21. Rxh3
Bh6+ 22. Kc2 Be3 23. Bf1 Kh7 24. Rg3 Rg8 25. Rg4 Na6 26. Bh3 Bd4 27. Nb5 Bc5
28. Kb1 Rg7 29. Rd2 Re8 30. Rxg7+ Kxg7 31. Rg2+ Kh8 32. Be6 Re7 33. Rg8+ Kh7
34. Ra8 Rg7 35. Bf5+ Rg6 36. h5 c6 37. hxg6+ Kg7 38. dxc6 bxc6 1-0

[Event "Copa Latinoamericana de Ajedrez 2011"]
[Site "Montevideo URU"]
[Date "2011.11.02"]
[Round "3.72"]
[White "Garcia Silveira, Luis"]
[Black "Barandiaran, Gabriel"]
[Result "1-0"]
[WhiteElo "2053"]
[BlackElo "1945"]
[PlyCount "107"]
[EventDate "2011.11.01"]
[EventType "swiss"]
[EventRounds "9"]
[EventCountry "URU"]
[Source "lmi"]
[SourceDate "2011.11.01"]

1. e4 e5 2. Nf3 Nc6 3. Bb5 a6 4. Ba4 Nf6 5. O-O b5 6. Bb3 Be7 7. Re1 d6 8. c3
Bg4 9. d3 O-O 10. Nbd2 Na5 11. Bc2 c5 12. h3 Bh5 13. Nf1 Nc6 14. Ng3 Bg6 15. a4
Re8 16. Nh4 h6 17. Qf3 Qc7 18. Ngf5 Bf8 19. Nxg6 fxg6 20. Nxh6+ gxh6 21. Qxf6
Kh7 22. axb5 axb5 23. Rxa8 Rxa8 24. Bb3 c4 25. dxc4 Na5 26. Ba2 Bg7 27. Qe6
Nxc4 28. Bb3 h5 29. Rd1 Ra1 30. Qd5 Bh6 31. Bxh6 Rxd1+ 32. Bxd1 Kxh6 33. Qxb5
Nb6 34. h4 Nd7 35. Qd5 Nf6 36. Qd3 Kg7 37. b4 Nd7 38. Bb3 Nb6 39. g3 Kh6 40. c4
Kg7 41. Qc2 Nd7 42. Ba4 Nb6 43. Bb3 Nd7 44. Qd3 Nb6 45. Kg2 Nd7 46. Ba2 Qb7 47.
Qxd6 Qxe4+ 48. Kh2 Qf5 49. Qd2 Nf6 50. Kg2 Ng4 51. Qe2 e4 52. Bb1 Nf6 53. Bc2
Qd7 54. Bxe4 1-0

[Event "Copa Latinoamericana de Ajedrez 2011"]
[Site "Montevideo URU"]
[Date "2011.11.02"]
[Round "3.73"]
[White "Izquierdo, Sebastian"]
[Black "Dos Santos, Jonathan"]
[Result "1-0"]
[WhiteElo "2046"]
[BlackElo "1820"]
[PlyCount "112"]
[EventDate "2011.11.01"]
[EventType "swiss"]
[EventRounds "9"]
[EventCountry "URU"]
[Source "lmi"]
[SourceDate "2011.11.01"]

1. Nf3 Nf6 2. g3 d5 3. d4 c6 4. Bg2 e6 5. c4 dxc4 6. O-O Be7 7. Qc2 O-O 8. Qxc4
Nbd7 9. Nc3 Nb6 10. Qb3 Nbd5 11. Bg5 Qb6 12. Qc2 h6 13. Bxf6 Nxf6 14. Rac1 Bd7
15. Na4 Qa5 16. a3 Rac8 17. Ne5 Rfd8 18. Nc5 Bxc5 19. dxc5 Be8 20. Nd3 Qc7 21.
b4 Bd7 22. Qb2 Nh7 23. Rc4 Re8 24. Ne5 f6 25. Nxd7 Qxd7 26. Rd4 Qe7 27. Rfd1
Rcd8 28. Qd2 Rxd4 29. Qxd4 Ng5 30. Qc4 Nf7 31. b5 Rd8 32. Rxd8+ Nxd8 33. bxc6
Nxc6 34. Bh3 Kf7 35. e3 Ne5 36. Qb3 Qd7 37. Bg2 Nc6 38. h4 Ke7 39. Qb1 Kf7 40.
Kh2 f5 41. Qb3 Ke7 42. f4 Qc7 43. Qc3 Kf7 44. e4 Qd7 45. Qc4 Kf6 46. exf5 exf5
47. Qg8 Qf7 48. Qc8 Qe7 49. Bxc6 bxc6 50. Qxc6+ Qe6 51. Qf3 Qe4 52. Qxe4 fxe4
53. Kg2 Ke6 54. Kf2 Kd5 55. Ke3 a5 56. c6 Kxc6 1-0

[Event "Copa Latinoamericana de Ajedrez 2011"]
[Site "Montevideo URU"]
[Date "2011.11.02"]
[Round "3.74"]
[White "Ulaneo, Matias"]
[Black "Lopes da Luz, Paulo"]
[Result "1-0"]
[WhiteElo "2036"]
[BlackElo "1798"]
[PlyCount "45"]
[EventDate "2011.11.01"]
[EventType "swiss"]
[EventRounds "9"]
[EventCountry "URU"]
[Source "lmi"]
[SourceDate "2011.11.01"]

1. c4 Nf6 2. Nc3 e6 3. e4 d6 4. d4 Nc6 5. f4 Be7 6. Nf3 O-O 7. Bd3 Nb4 8. Bb1
c5 9. d5 Re8 10. O-O exd5 11. cxd5 Bg4 12. a3 Na6 13. h3 Bd7 14. Re1 Qb6 15. e5
Nh5 16. g4 c4+ 17. Kg2 Nxf4+ 18. Bxf4 Qxb2+ 19. Qc2 Qxc2+ 20. Bxc2 dxe5 21.
Nxe5 Bh4 22. Bg3 Bg5 23. Ne4 1-0

[Event "Copa Latinoamericana de Ajedrez 2011"]
[Site "Montevideo URU"]
[Date "2011.11.02"]
[Round "3.76"]
[White "Montoro, Gustavo E"]
[Black "Ottonelo Gandarias, Marcos"]
[Result "1/2-1/2"]
[WhiteElo "2027"]
[BlackElo "1749"]
[PlyCount "90"]
[EventDate "2011.11.01"]
[EventType "swiss"]
[EventRounds "9"]
[EventCountry "URU"]
[Source "lmi"]
[SourceDate "2011.11.01"]

1. e4 e5 2. Nf3 Nc6 3. Nc3 Nf6 4. Bb5 Bb4 5. O-O O-O 6. d3 d6 7. Bg5 Bxc3 8.
bxc3 Qe7 9. Re1 Nd8 10. d4 Ne6 11. Bc1 c5 12. d5 Nc7 13. Bf1 Nfe8 14. g3 f5 15.
Bg5 Qf7 16. Nxe5 dxe5 17. d6 Ne6 18. Be7 Nxd6 19. Bxf8 Qxf8 20. exf5 Ng5 21. h4
Nge4 22. Rxe4 Nxe4 23. Qd5+ Kh8 24. Qxe4 Qxf5 25. Re1 Be6 26. Qxb7 Rf8 27. Re2
e4 28. Bg2 e3 29. fxe3 Qe5 30. Qe4 Qxg3 31. Rd2 Bg4 32. Qe7 Rb8 33. Rf2 Rb1+
34. Rf1 Rxf1+ 35. Kxf1 Be2+ 36. Kg1 h6 37. Qf8+ Kh7 38. Qf2 Qxf2+ 39. Kxf2 Bc4
40. Be4+ g6 41. a3 Kg7 42. Kf3 Kf6 43. Bd3 Be6 44. Kf4 g5+ 45. hxg5+ hxg5+
1/2-1/2

[Event "Copa Latinoamericana de Ajedrez 2011"]
[Site "Montevideo URU"]
[Date "2011.11.02"]
[Round "3.77"]
[White "Garcia, Cristian Javier"]
[Black "Sanduay, Nicolas"]
[Result "1/2-1/2"]
[WhiteElo "2053"]
[BlackElo "2016"]
[PlyCount "33"]
[EventDate "2011.11.01"]
[EventType "swiss"]
[EventRounds "9"]
[EventCountry "URU"]
[Source "lmi"]
[SourceDate "2011.11.01"]

1. Nf3 c5 2. c4 Nc6 3. Nc3 g6 4. g3 Bg7 5. Bg2 Nf6 6. O-O d5 7. cxd5 Nxd5 8. d3
Nxc3 9. bxc3 Bxc3 10. Rb1 O-O 11. Qc2 Qa5 12. Rb3 Bg7 13. Ra3 Qb6 14. Be3 Nd4
15. Nxd4 cxd4 16. Rb1 Qd6 17. Bc1 1/2-1/2

[Event "Copa Latinoamericana de Ajedrez 2011"]
[Site "Montevideo URU"]
[Date "2011.11.02"]
[Round "3.78"]
[White "Vaz, Leonardo"]
[Black "De Leon, Veronica"]
[Result "1-0"]
[WhiteElo "2014"]
[BlackElo "1639"]
[PlyCount "55"]
[EventDate "2011.11.01"]
[EventType "swiss"]
[EventRounds "9"]
[EventCountry "URU"]
[Source "lmi"]
[SourceDate "2011.11.01"]

1. e4 e5 2. Nf3 Nf6 3. Nxe5 d6 4. Nf3 Nxe4 5. h3 d5 6. d4 Bd6 7. Bd3 O-O 8. O-O
c6 9. c4 Re8 10. Nc3 Nxc3 11. bxc3 Nd7 12. Bg5 Nf6 13. Qc2 h6 14. Bh4 dxc4 15.
Bxc4 Be6 16. Bd3 c5 17. Rad1 cxd4 18. Bh7+ Kh8 19. Rxd4 Qe7 20. Bxf6 gxf6 21.
Rh4 Qf8 22. Bf5 Rac8 23. Nd4 Be5 24. Bxe6 fxe6 25. Qg6 Qg7 26. Rxh6+ Kg8 27.
Qh5 Kf8 28. Rh8+ 1-0

[Event "Copa Latinoamericana de Ajedrez 2011"]
[Site "Montevideo URU"]
[Date "2011.11.02"]
[Round "3.80"]
[White "Belistri, Ubaldo"]
[Black "Hiriart, Guillermo"]
[Result "0-1"]
[WhiteElo "2051"]
[BlackElo "2019"]
[PlyCount "93"]
[EventDate "2011.11.01"]
[EventType "swiss"]
[EventRounds "9"]
[EventCountry "URU"]
[Source "lmi"]
[SourceDate "2011.11.01"]

1. d4 d6 2. e4 g6 3. Nf3 Bg7 4. Be2 Nd7 5. O-O e5 6. Be3 Ne7 7. Qd2 h6 8. Nc3
g5 9. dxe5 Nxe5 10. Nxe5 Bxe5 11. f4 gxf4 12. Bxf4 Bg7 13. Bc4 Be6 14. Bxe6
fxe6 15. Qe2 O-O 16. Qg4 Rf6 17. Rad1 Qe8 18. Be3 Rg6 19. Qh3 Kh7 20. Rf3 Qg8
21. Ne2 Nc6 22. Nf4 Ne5 23. Nxg6 Nxf3+ 24. Qxf3 Kxg6 25. e5 d5 26. Rd4 Kh7 27.
Rh4 Qf8 28. Rf4 Qe7 29. Rf7 Qh4 30. g3 Qh3 31. Rf4 b6 32. Rh4 Qf5 33. Qf2 Rf8
34. Rf4 Qxe5 35. Rxf8 Bxf8 36. Bd4 Qf5 37. Qxf5+ exf5 38. Kf2 c5 39. Be5 c4 40.
Ke3 Bc5+ 41. Bd4 Kg6 42. c3 Kf7 43. Kf4 Bxd4 44. cxd4 Kf6 45. h4 b5 46. Ke3 a5
47. a3 0-1

[Event "Copa Latinoamericana de Ajedrez 2011"]
[Site "Montevideo URU"]
[Date "2011.11.02"]
[Round "3.81"]
[White "Muzzi, Eduardo"]
[Black "Caitano, Pablo"]
[Result "1/2-1/2"]
[WhiteElo "2019"]
[BlackElo "1991"]
[PlyCount "43"]
[EventDate "2011.11.01"]
[EventType "swiss"]
[EventRounds "9"]
[EventCountry "URU"]
[Source "lmi"]
[SourceDate "2011.11.01"]

1. e4 c5 2. Nf3 d6 3. d4 cxd4 4. Nxd4 Nf6 5. Nc3 a6 6. f3 e5 7. Nb3 Be6 8. Be3
Be7 9. Qd2 Nbd7 10. O-O-O Rc8 11. g4 b5 12. g5 b4 13. Na4 Nh5 14. Bxa6 Rb8 15.
Kb1 O-O 16. Bd3 Qc7 17. Nc1 Qc6 18. b3 Rfe8 19. c4 bxc3 20. Nxc3 Nc5 21. Nd5
Bf8 22. Bc4 1/2-1/2

[Event "Copa Latinoamericana de Ajedrez 2011"]
[Site "Montevideo URU"]
[Date "2011.11.02"]
[Round "3.82"]
[White "Ibañez, Rodrigo"]
[Black "Dominguez, Facundo"]
[Result "1-0"]
[WhiteElo "1978"]
[BlackElo "1786"]
[PlyCount "71"]
[EventDate "2011.11.01"]
[EventType "swiss"]
[EventRounds "9"]
[EventCountry "URU"]
[Source "lmi"]
[SourceDate "2011.11.01"]

1. e4 e5 2. Nf3 Nc6 3. Bb5 a6 4. Ba4 Nf6 5. d3 b5 6. Bb3 Bc5 7. c3 d6 8. h3 O-O
9. Bg5 Be6 10. Bc2 h6 11. Bh4 d5 12. exd5 Bxd5 13. O-O Qd6 14. Re1 Rfe8 15.
Nbd2 Bxf3 16. Qxf3 Rad8 17. Rad1 Ne7 18. Bxf6 Qxf6 19. Qxf6 gxf6 20. Ne4 Bxf2+
21. Kxf2 Kg7 22. Kg1 Ng6 23. Ng3 Ne7 24. Rf1 c6 25. Nh5+ Kh8 26. Nxf6 Rf8 27.
Ng4 Nd5 28. Rde1 f6 29. Nxh6 Kg7 30. Nf5+ Kh8 31. d4 exd4 32. Nxd4 Rc8 33. Rf5
Rfe8 34. Rh5+ Kg8 35. Rxe8+ Rxe8 36. Nxc6 1-0

[Event "Copa Latinoamericana de Ajedrez 2011"]
[Site "Montevideo URU"]
[Date "2011.11.02"]
[Round "3.83"]
[White "Introini, Luis Fredy"]
[Black "Ruggiero, Alvaro"]
[Result "0-1"]
[WhiteElo "1929"]
[BlackElo "1967"]
[PlyCount "95"]
[EventDate "2011.11.01"]
[EventType "swiss"]
[EventRounds "9"]
[EventCountry "URU"]
[Source "lmi"]
[SourceDate "2011.11.01"]

1. e4 c6 2. d4 d5 3. Nc3 dxe4 4. Nxe4 Bf5 5. Ng3 Bg6 6. h4 h6 7. Nh3 Nf6 8. Nf4
Bh7 9. Bc4 e6 10. c3 Nbd7 11. Qe2 Qe7 12. Nd3 O-O-O 13. Bf4 Nd5 14. Bd2 Qf6 15.
O-O-O Kb8 16. Ne4 Qg6 17. f3 f5 18. h5 Qf7 19. Bxd5 exd5 20. Bf4+ Ka8 21. Nd6
Bxd6 22. Bxd6 Nf6 23. Ne5 Qe8 24. Bc7 Rc8 25. Bd6 Nxh5 26. Qd2 Nf6 27. Rhe1 Qe6
28. Bc5 Nd7 29. Nd3 Qf6 30. Be7 Qf7 31. Bd6 Rhe8 32. Rxe8 Rxe8 33. Re1 Re6 34.
Ne5 Qe8 35. Bc7 b6 36. Nd3 Kb7 37. Be5 g5 38. f4 Qg6 39. Kb1 g4 40. g3 h5 41.
Rh1 Qe8 42. Qh2 Bg6 43. Qh4 Qe7 44. Qxe7 Rxe7 45. Rh4 Re6 46. b4 Re8 47. Kb2
Rf8 48. Bd6 0-1

[Event "Copa Latinoamericana de Ajedrez 2011"]
[Site "Montevideo URU"]
[Date "2011.11.02"]
[Round "3.84"]
[White "Duarde Boabaid, Jorge Alberto"]
[Black "Bidigaray, Marcio"]
[Result "1-0"]
[WhiteElo "1879"]
[BlackElo "1707"]
[PlyCount "55"]
[EventDate "2011.11.01"]
[EventType "swiss"]
[EventRounds "9"]
[EventCountry "URU"]
[Source "lmi"]
[SourceDate "2011.11.01"]

1. e4 e5 2. Nf3 Nc6 3. Bb5 Bc5 4. c3 Nf6 5. O-O O-O 6. d4 exd4 7. cxd4 Bb6 8.
e5 Nd5 9. Bc4 Nce7 10. Bg5 c6 11. Qb3 Qc7 12. Nc3 h6 13. Bxe7 Nxe7 14. Ne4 Ng6
15. Nd6 Kh7 16. Bxf7 Qd8 17. Bxg6+ Kh8 18. Nf7+ Rxf7 19. Qxf7 Qg8 20. Rfe1 Ba5
21. Re3 b5 22. Bh5 Bb7 23. Qxd7 Bc8 24. Qxc6 Bf5 25. Nh4 Rc8 26. Qxb5 Qxa2 27.
Rxa2 Rc1+ 28. Qf1 1-0

[Event "Copa Latinoamericana de Ajedrez 2011"]
[Site "Montevideo URU"]
[Date "2011.11.02"]
[Round "3.85"]
[White "Romaniello, Enrique"]
[Black "De Leon, Patricia"]
[Result "1-0"]
[WhiteElo "1880"]
[BlackElo "1800"]
[PlyCount "88"]
[EventDate "2011.11.01"]
[EventType "swiss"]
[EventRounds "9"]
[EventCountry "URU"]
[Source "lmi"]
[SourceDate "2011.11.01"]

1. d4 d5 2. c4 e6 3. Nc3 Nf6 4. Bg5 Be7 5. e3 O-O 6. Nf3 h6 7. Bf4 b6 8. cxd5
exd5 9. Bd3 Be6 10. O-O c5 11. Rc1 Nbd7 12. Re1 Rc8 13. Ba6 Rb8 14. Bg3 Ne4 15.
Bxb8 Qxb8 16. Bd3 f5 17. Bf1 g5 18. g3 Bd6 19. dxc5 Nxc3 20. Rxc3 Nxc5 21. Nd4
Bd7 22. Bg2 Ne4 23. Rc2 Qe8 24. Ne2 Qf7 25. Nc3 Be6 26. Nxe4 fxe4 27. Qd2 a5
28. a3 Be5 29. Rc6 b5 30. b4 axb4 31. axb4 h5 32. h3 Qd7 33. Rec1 Kh8 34. Qe2
g4 35. h4 Qf7 36. R1c2 Bd7 37. Ra6 Rg8 38. Qd2 Bf5 39. Rac6 Bd7 40. R6c5 Be6
41. Rxb5 Ra8 42. Ra5 Rb8 43. Rca2 Bd6 44. Qd4+ Kg8 1-0

[Event "Copa Latinoamericana de Ajedrez 2011"]
[Site "Montevideo URU"]
[Date "2011.11.02"]
[Round "3.89"]
[White "Saralegui, Mario"]
[Black "Pos, Marcos"]
[Result "1-0"]
[WhiteElo "2169"]
[BlackElo "1931"]
[PlyCount "47"]
[EventDate "2011.11.01"]
[EventType "swiss"]
[EventRounds "9"]
[EventCountry "URU"]
[Source "lmi"]
[SourceDate "2011.11.01"]

1. d4 Nf6 2. c4 g6 3. Nc3 Bg7 4. e4 d6 5. Be2 O-O 6. Bg5 Nbd7 7. Qd2 c5 8. d5
Rb8 9. Nf3 Qa5 10. O-O Re8 11. h3 a6 12. a4 Qc7 13. Rad1 b6 14. Rfe1 Bb7 15.
Bf1 e5 16. dxe6 Rxe6 17. Bh6 Bxe4 18. Bxg7 Bxf3 19. Bxf6 Bxd1 20. Nd5 Qb7 21.
Qxd1 Rxe1 22. Qxe1 Nxf6 23. Nxf6+ Kg7 24. Qc3 1-0

[Event "Copa Latinoamericana de Ajedrez 2011"]
[Site "Montevideo URU"]
[Date "2011.11.02"]
[Round "3.91"]
[White "Homrich Moritz, Diego"]
[Black "Soto, Nicolas"]
[Result "0-1"]
[WhiteElo "1793"]
[BlackElo "2022"]
[PlyCount "28"]
[EventDate "2011.11.01"]
[EventType "swiss"]
[EventRounds "9"]
[EventCountry "URU"]
[Source "lmi"]
[SourceDate "2011.11.01"]

1. e4 e6 2. d4 d5 3. e5 c5 4. Nf3 Nc6 5. c3 Qb6 6. Bd3 Bd7 7. Qb3 Qxb3 8. axb3
cxd4 9. Bd2 dxc3 10. bxc3 f6 11. Bf4 g5 12. Nxg5 fxg5 13. Bxg5 Nxe5 14. Be2 Ng6
0-1

[Event "Copa Latinoamericana de Ajedrez 2011"]
[Site "Montevideo URU"]
[Date "2011.11.02"]
[Round "3.92"]
[White "Uslenghi, Leonel"]
[Black "Lanzilotta, Marcelo"]
[Result "0-1"]
[WhiteElo "1781"]
[BlackElo "2011"]
[PlyCount "82"]
[EventDate "2011.11.01"]
[EventType "swiss"]
[EventRounds "9"]
[EventCountry "URU"]
[Source "lmi"]
[SourceDate "2011.11.01"]

1. d4 c5 2. d5 Nf6 3. c4 b5 4. e3 bxc4 5. Bxc4 d6 6. Nc3 g6 7. e4 Bg7 8. f4 O-O
9. Nf3 Nbd7 10. O-O Nb6 11. Bd3 c4 12. Bc2 Qc7 13. Kh1 Rb8 14. Rb1 Ng4 15. Bd2
Qc5 16. Qe1 Ba6 17. h3 Nf6 18. Be3 Qc7 19. g4 Nbd7 20. f5 Nc5 21. Bxc5 Qxc5 22.
Qf2 Qxf2 23. Rxf2 Nd7 24. Rbf1 Nc5 25. Rd1 Rb7 26. Nd4 Re8 27. Nc6 Rc7 28. Na4
Nd7 29. Nc3 Ne5 30. Nxe5 Bxe5 31. Ne2 e6 32. Ba4 Rb8 33. Nd4 exd5 34. exd5 Bb7
35. Nc6 Bxc6 36. dxc6 Rb4 37. b3 c3 38. Rc1 Re4 39. Rfc2 Re3 40. Kg2 Rg3+ 41.
Kf2 Rxh3 0-1

[Event "Copa Latinoamericana de Ajedrez 2011"]
[Site "Montevideo URU"]
[Date "2011.11.02"]
[Round "3.93"]
[White "Cucchi, Nicolas"]
[Black "Martinez, Carlos"]
[Result "1-0"]
[WhiteElo "2002"]
[BlackElo "1882"]
[PlyCount "85"]
[EventDate "2011.11.01"]
[EventType "swiss"]
[EventRounds "9"]
[EventCountry "URU"]
[Source "lmi"]
[SourceDate "2011.11.01"]

1. d4 e6 2. c4 Nf6 3. Nf3 g6 4. Nc3 Bg7 5. e4 d5 6. e5 Ng8 7. Be3 Ne7 8. Be2
O-O 9. O-O b6 10. Qd2 Ba6 11. cxd5 Nxd5 12. Bg5 Qd7 13. Bxa6 Nxa6 14. Bh6 c5
15. Bxg7 Kxg7 16. Rfd1 c4 17. Ne4 Rac8 18. Nd6 Rc7 19. Rdc1 Qa4 20. Qc2 Qd7 21.
Qe4 b5 22. Qh4 h6 23. Nd2 Nab4 24. N2e4 a6 25. Nc5 Rxc5 26. dxc5 Nd3 27. Rd1
Nxb2 28. Rxd5 exd5 29. Qd4 Qc7 30. e6+ f6 31. Qxb2 Qxc5 32. e7 Qxd6 33. exf8=Q+
Qxf8 34. Qd4 b4 35. Qxd5 c3 36. Qd7+ Qf7 37. Rd1 a5 38. Kf1 a4 39. Ke2 b3 40.
Qxf7+ Kxf7 41. axb3 axb3 42. Kd3 c2 43. Re1 1-0

[Event "Copa Latinoamericana de Ajedrez 2011"]
[Site "Montevideo URU"]
[Date "2011.11.02"]
[Round "3.96"]
[White "Ferrari, Carlos"]
[Black "Nacelle, Daniel"]
[Result "1-0"]
[WhiteElo "1888"]
[BlackElo "1860"]
[PlyCount "57"]
[EventDate "2011.11.01"]
[EventType "swiss"]
[EventRounds "9"]
[EventCountry "URU"]
[Source "lmi"]
[SourceDate "2011.11.01"]

1. f4 Nf6 2. Nf3 d6 3. g3 g6 4. Bg2 Bg7 5. O-O O-O 6. d3 Nbd7 7. Nc3 c6 8. h3
e5 9. e4 Nh5 10. Qe1 exf4 11. gxf4 Re8 12. Rb1 Nf8 13. Ne2 f5 14. Nh2 Qe7 15.
Bd2 Bf6 16. Bc3 Bh4 17. Qd2 Ng3 18. Nxg3 Bxg3 19. Qe3 Bxh2+ 20. Kxh2 Kf7 21.
Rbe1 c5 22. e5 Ne6 23. Bd5 Rb8 24. Qf3 Ra8 25. exd6 Qxd6 26. Re5 Bd7 27. Qg3
Bc6 28. Rxf5+ gxf5 29. Qg7# 1-0

[Event "Copa Latinoamericana de Ajedrez 2011"]
[Site "Montevideo URU"]
[Date "2011.11.03"]
[Round "3.97"]
[White "Zoppolo, Cedric"]
[Black "Iduate, Guillermo"]
[Result "0-1"]
[WhiteElo "1744"]
[BlackElo "1870"]
[PlyCount "74"]
[EventDate "2011.11.01"]
[EventType "swiss"]
[EventRounds "9"]
[EventCountry "URU"]
[Source "lmi"]
[SourceDate "2011.11.01"]

1. c4 e6 2. e4 d5 3. cxd5 exd5 4. exd5 Nf6 5. Bb5+ Bd7 6. Qe2+ Be7 7. Nc3 O-O
8. Nf3 Re8 9. O-O a6 10. Bc4 Bg4 11. Qd3 Bd6 12. b3 b5 13. Bxb5 axb5 14. Nxb5
Nxd5 15. Bb2 Nc6 16. Rfe1 Qd7 17. Ng5 Bf5 18. Qf3 h6 19. Nxd6 Qxd6 20. Nxf7
Kxf7 21. Qxf5+ Nf6 22. Bxf6 Qxf6 23. Qxf6+ Kxf6 24. Re3 Nb4 25. Rf3+ Kg6 26. a4
Rad8 27. Re3 Rf8 28. Rd1 Nd3 29. Rf1 Rf6 30. a5 c5 31. g3 Ra6 32. Ra1 Nb4 33.
Re5 Rxd2 34. Rxc5 Re6 35. Rc4 Nc2 36. Rg4+ Kf6 37. Rc1 h5 0-1

[Event "Copa Latinoamericana de Ajedrez 2011"]
[Site "Montevideo URU"]
[Date "2011.11.02"]
[Round "3.98"]
[White "De Mello, Rodrigo"]
[Black "Rey, Fernando"]
[Result "1/2-1/2"]
[WhiteElo "1832"]
[BlackElo "1810"]
[PlyCount "37"]
[EventDate "2011.11.01"]
[EventType "swiss"]
[EventRounds "9"]
[EventCountry "URU"]
[Source "lmi"]
[SourceDate "2011.11.01"]

1. d4 Nf6 2. Nf3 g6 3. Bf4 Bg7 4. e3 d6 5. h3 O-O 6. Bc4 Nh5 7. Bh2 c5 8. c3
Nf6 9. O-O Bf5 10. Nh4 Be4 11. Nd2 Bc6 12. dxc5 dxc5 13. Nb3 b6 14. Qxd8 Rxd8
15. Rfd1 Bd7 16. Rd3 Nc6 17. Rad1 Be8 18. Nf3 Rxd3 19. Rxd3 1/2-1/2

[Event "Copa Latinoamericana de Ajedrez 2011"]
[Site "Montevideo URU"]
[Date "2011.11.02"]
[Round "3.99"]
[White "Belbey, Juan"]
[Black "Acerenza, Antonio"]
[Result "1-0"]
[WhiteElo "1672"]
[BlackElo "1807"]
[PlyCount "60"]
[EventDate "2011.11.01"]
[EventType "swiss"]
[EventRounds "9"]
[EventCountry "URU"]
[Source "lmi"]
[SourceDate "2011.11.01"]

1. e4 d6 2. d4 g6 3. Bd3 Bg7 4. c3 Nf6 5. f4 O-O 6. Nf3 Nbd7 7. e5 dxe5 8. fxe5
Ne8 9. e6 fxe6 10. Ng5 Ndf6 11. O-O Nd6 12. Qb3 Kh8 13. Bf4 Nd5 14. g3 Nxf4 15.
gxf4 Rf6 16. Nd2 Qf8 17. Nh3 Bd7 18. Rae1 Bh6 19. Ng5 Qg7 20. Nxe6 Bxe6 21.
Rxe6 Raf8 22. Rfe1 Rxe6 23. Qxe6 Rxf4 24. Ne4 Rf3 25. Nxd6 cxd6 26. Bc4 Qf8 27.
Bd5 Rf6 28. Qxe7 Qxe7 29. Rxe7 Rf5 30. Bxb7 Rb5 1-0

[Event "Copa Latinoamericana de Ajedrez 2011"]
[Site "Montevideo URU"]
[Date "2011.11.02"]
[Round "3.100"]
[White "Tramutolo, Gustavo"]
[Black "De San Vicente, Sabrina"]
[Result "1/2-1/2"]
[WhiteElo "1636"]
[BlackElo "1779"]
[PlyCount "77"]
[EventDate "2011.11.01"]
[EventType "swiss"]
[EventRounds "9"]
[EventCountry "URU"]
[Source "lmi"]
[SourceDate "2011.11.01"]

1. e4 e5 2. Nf3 Nf6 3. Nc3 Nc6 4. d3 d5 5. Bg5 d4 6. Ne2 Bg4 7. c3 Be7 8. Qa4
Bxf3 9. gxf3 O-O 10. a3 Re8 11. Rg1 Qd6 12. Ng3 g6 13. Nf5 Qd8 14. Nh6+ Kf8 15.
Qb3 Nd5 16. Bxe7+ Ncxe7 17. exd5 Nxd5 18. c4 Nf4 19. O-O-O Qh4 20. Qb4+ Re7 21.
Ng4 Qg5 22. Kb1 h5 23. Qxb7 Rae8 24. Qxa7 hxg4 25. Rxg4 Qh5 26. Bg2 Nxg2 27.
Rxg2 Qxf3 28. Rgg1 Qxf2 29. Qb7 Qf5 30. Rgf1 Qe6 31. Qa7 Qc6 32. Qa5 e4 33. Qb5
Qxb5 34. cxb5 e3 35. Rf4 Rd7 36. Rh4 Kg7 37. Kc2 Re5 38. a4 Rf5 39. Kb3 1/2-1/2

[Event "Copa Latinoamericana de Ajedrez 2011"]
[Site "Montevideo URU"]
[Date "2011.11.02"]
[Round "3.101"]
[White "Nakle, Gonzalo"]
[Black "Rodriguez Bernardo, Pablo"]
[Result "1/2-1/2"]
[WhiteElo "1759"]
[BlackElo "2209"]
[PlyCount "90"]
[EventDate "2011.11.01"]
[EventType "swiss"]
[EventRounds "9"]
[EventCountry "URU"]
[Source "lmi"]
[SourceDate "2011.11.01"]

1. e4 c5 2. Nf3 d6 3. Nc3 a6 4. d4 cxd4 5. Nxd4 Nf6 6. a4 e5 7. Nb3 Be7 8. Be2
O-O 9. O-O Be6 10. Bg5 Nxe4 11. Bxe7 Nxc3 12. Bxd8 Nxd1 13. Be7 Re8 14. Rfxd1
Rxe7 15. Rxd6 Nd7 16. Rad1 Bxb3 17. cxb3 Nf6 18. b4 h6 19. Bc4 b5 20. axb5 axb5
21. Bxb5 Ra2 22. Rb1 Rb7 23. Bc4 Ra4 24. Re1 Raxb4 25. b3 Nd7 26. Re4 Nc5 27.
Re1 Nxb3 28. Rd8+ Kh7 29. Bd3+ g6 30. Rxe5 Rd4 31. Rxd4 Nxd4 32. h4 Rd7 33. h5
Nf3+ 34. gxf3 Rxd3 35. hxg6+ fxg6 36. Re7+ Kg8 37. Kg2 Rd5 38. f4 Kf8 39. Re5
Rxe5 40. fxe5 Ke7 41. f4 Ke6 42. Kg3 Kf5 43. Kf3 h5 44. Kg3 g5 45. fxg5 Kxg5
1/2-1/2

[Event "Copa Latinoamericana de Ajedrez 2011"]
[Site "Montevideo URU"]
[Date "2011.11.02"]
[Round "3.102"]
[White "Rijo, Pedro"]
[Black "Ortiz, Soledad"]
[Result "1-0"]
[WhiteElo "1585"]
[BlackElo "1723"]
[PlyCount "110"]
[EventDate "2011.11.01"]
[EventType "swiss"]
[EventRounds "9"]
[EventCountry "URU"]
[Source "lmi"]
[SourceDate "2011.11.01"]

1. e4 c5 2. Nf3 d6 3. d4 cxd4 4. Nxd4 Nf6 5. Nc3 a6 6. Bd3 e5 7. Nf3 Be7 8. h3
Be6 9. Bg5 Nbd7 10. O-O O-O 11. Qe2 b5 12. a3 Rc8 13. Rad1 Nb6 14. Nd2 Qc7 15.
f4 Bc4 16. fxe5 dxe5 17. Bxc4 Nxc4 18. Bxf6 Bxf6 19. Nd5 Qc5+ 20. Kh1 Bd8 21.
Nxc4 Qxc4 22. Rd2 Qxe2 23. Rxe2 Rc4 24. g4 Bh4 25. Kg2 Rd4 26. Rf5 Re8 27. Nc7
Re7 28. Nxa6 g6 29. Rf1 Red7 30. Nb4 Rd2 31. Kf3 R7d4 32. Nc6 Rxe2 33. Kxe2
Rxe4+ 34. Kd3 Ra4 35. Nxe5 Ra7 36. Kd4 Rc7 37. c3 Kg7 38. Kd5 Bf6 39. Nf3 h6
40. Kd6 Rc4 41. Rd1 Rc8 42. Rd5 Re8 43. Rxb5 Re3 44. Nd2 Rxh3 45. Ne4 Bh4 46.
a4 Re3 47. Nc5 Re1 48. a5 Bf6 49. a6 Ra1 50. Rb8 Bg5 51. Ra8 h5 52. gxh5 gxh5
53. a7 Kf6 54. Ne4+ Kf5 55. Nxg5 Kxg5 1-0

[Event "Copa Latinoamericana de Ajedrez 2011"]
[Site "Montevideo URU"]
[Date "2011.11.02"]
[Round "3.103"]
[White "Quevedo, Andreina"]
[Black "Milan, Julio"]
[Result "0-1"]
[WhiteElo "1530"]
[BlackElo "1682"]
[PlyCount "62"]
[EventDate "2011.11.01"]
[EventType "swiss"]
[EventRounds "9"]
[EventCountry "URU"]
[Source "lmi"]
[SourceDate "2011.11.01"]

1. e4 c6 2. d4 d5 3. exd5 cxd5 4. Nf3 Nc6 5. Bd3 Bg4 6. c3 Nf6 7. O-O Qc7 8.
Nbd2 e6 9. Re1 Be7 10. h3 Bh5 11. Qc2 Bg6 12. Bxg6 hxg6 13. Ne5 Nxd4 14. Qa4+
Nc6 15. Ndf3 Nd7 16. Bf4 Bd6 17. Rad1 O-O 18. Nxd7 Qxd7 19. Bxd6 Qxd6 20. Qh4
f6 21. Qg4 Kf7 22. Nh4 Ne7 23. Re2 Rac8 24. Rde1 e5 25. f4 Rc4 26. fxe5 Qb6+
27. Kh1 Rxg4 28. hxg4 fxe5 29. Rxe5 Nc6 30. Rxd5 Qf2 31. Rd7+ Kg8 0-1